000 00199 a2200097 4500
020 _a9780844293417
041 _aeng
100 _aRaymond L Gorden
245 _aLiving in Latin American
942 _cBK
999 _c27723
_d27723